Val-d'Oise - mort subite - Statistiques

Statistiques générales
  • Ce quiz a été pris 27 fois
  • Le résultat moyen est 12 sur 18
Answers on the Grid
Answers color-coded by a green-red scale on the quiz's grid according to % correct below.
La Défense
Une frontière avec la Seine-Maritime
Piscop
Boulogne-Billancourt
Tiruppur
Enghien-les-Bains
La commune de France la plus dense
Trou-du-Nord
Monteverde
Garges-lès-Gonesse
L'ancien domicile de Van Gogh
Une frontière avec l'Eure-et-Loir
Pays de France
Neuilly-Plaisance
Cergy
Louvres
Le Blanc-Mesnil
Batignolles
Herblay-sur-Seine
Osmaniye
Argenteuil
Izabal
Bezons
Ermont
Les Biterrois
La mine la plus profonde du monde
Sarcelles
Passy
Parc naturel du Vexin français
Mayabeque
Franconville
Un aéroport international
Goussainville
Pontoise
Romblon
Mazandaran
 
Statistiques - réponses
Réponse % Correct
Cergy
92%
Ermont
92%
Argenteuil
88%
Goussainville
88%
Pontoise
88%
Enghien-les-Bains
83%
Franconville
83%
Sarcelles
83%
Bezons
75%
Herblay-sur-Seine
75%
Garges-lès-Gonesse
71%
Et de Paul Cézanne et de Camille Pissarro (Auvers-sur-Oise) L'ancien domicile de Van Gogh
63%
Louvres
58%
Un aéroport international
54%
Parc naturel du Vexin français
50%
Plaine agriculturelle Pays de France
21%
Piscop
17%
Inde Tiruppur
0%
Aucun quiz correspondant
Distribution des résultats
% des personnes avec chaque résultat
Percentile par nombre de réponses
Votre historique - résultats
Vous n’avez pas pris ce quiz